paroles Secret - Louane - Statistiques

Statistiques générales
  • Ce quiz a été pris 549 fois
  • Le résultat moyen est 257 sur 323
Statistiques - réponses
paroles % Correct
je
98%
Je
98%
a
97%
à
97%
se
96%
te
96%
Te
96%
de
95%
J'ai
93%
pas
93%
peu
92%
Tu
92%
tu
92%
le
91%
secret
91%
Ce
90%
ce
90%
que
90%
Que
90%
un
90%
mon
89%
sais,
89%
sais
89%
Et
88%
les
88%
Les
88%
plus
88%
mal
87%
vais
87%
devenir
86%
eu
86%
toujours
86%
confier
85%
m'aimer
85%
si
85%
voir
85%
gros
84%
toi
84%
vas
84%
en
83%
grandir
83%
Mais
83%
d'mal
82%
peur
82%
qui
82%
c'est
81%
C'est
81%
filles
81%
suis
81%
tout
81%
crois
80%
même
80%
moi,
80%
moi
80%
Une
80%
ça
78%
c'que
78%
force
78%
la
78%
prête
78%
Sache
78%
facile
77%
Comme
76%
comme
76%
fragiles
76%
veux
76%
d'avoir
75%
déploie
75%
t'as
75%
toutes
75%
semblent
74%
tomber
72%
heureuse
71%
amoureuse
70%
jours
70%
sois
70%
tous
70%
Parfois
68%
parfois
68%
protéger
67%
j'veux
66%
erreur
65%
j'apprends
65%
t'empêcher
65%
devoir
64%
du
64%
j'vais
63%
fait
62%
j'attends
62%
coeur
61%
douce
61%
j'espère
61%
ne
61%
pousse
61%
dans
60%
feras
60%
j'pourrai
60%
noir
59%
Parce
58%
tour,
58%
pleurer
55%
temps
55%
prend
54%
qu'toi
54%
j'crois
52%
J'crois
52%
s'ra
50%
autres
48%
avant
48%
miroirs
48%
l'ai
47%
regarder
47%
fois
46%
comprends
45%
croiser
45%
dur
45%
qu'j'ai
45%
sans
45%
encore
44%
l'intérieur
44%
mille
44%
vecu
44%
saches
43%
Qu'tu
42%
qu'tu
42%
sentir
42%
Il
41%
Maintenant
39%
simple
39%
J'sais
36%
faut
35%
oubliée
35%
qu'c'est
30%
Aucun quiz correspondant
Distribution des résultats
% des personnes avec chaque résultat
Percentile par nombre de réponses
Votre historique - résultats
Vous n’avez pas pris ce quiz